| 000 | 00741nam a2200205 a 4500 | ||
|---|---|---|---|
| 003 | 0 | ||
| 005 | 20250423112450.0 | ||
| 008 | 970114s19uu xx 00 eng d | ||
| 050 |
_aPGS HV 5733 _b.H413 2003 |
||
| 100 | _aHayashi, Maricar. | ||
| 245 |
_aPerceptions of Fourth Year Students of Southville International School on Smoking. / _cMaricar Hayashi. |
||
| 260 |
_aLas PiƱas City, Philippines : _bSouthville International School and Colleges, _c2003. |
||
| 300 |
_a17 pages : _billustrations: _c28 cm. |
||
| 504 | _aIncludes bibliographical references. | ||
| 650 |
_aSmoking _vSocial aspects. |
||
| 650 |
_aSmoking _vHealth aspects. |
||
| 650 |
_aTeenagers _vAttitudes. |
||
| 650 |
_aSmoking _v.Prevention. |
||
| 942 |
_2lcc _cPASS |
||
| 999 |
_c96871 _d96871 |
||